| 000 | 01148nam0a2200301 4500 | ||
|---|---|---|---|
| 001 | RU\NLR\bibl\1748850 | ||
| 005 | 20250616115753.0 | ||
| 010 |
_a978-5-699-42897-7 _95000 |
||
| 021 |
_aRU _b2011-15264 _91083 |
||
| 021 |
_aRU _b2012-23711 _91773 |
||
| 035 | _a(NLR Aleph) 001739720 | ||
| 090 |
_a1451659 _c1451659 |
||
| 100 | _a20110321d2011 |||y0rusy50 ca | ||
| 101 | 1 |
_arus _ceng |
|
| 102 | _aRU | ||
| 105 | _aa ||||||||| | ||
| 200 | 1 |
_aПерси Джексон и олимпийцы _eсекретные материалы _e[для среднего школьного возраста] _fРик Риордан _g[пер. с англ. Г. Крылова] |
|
| 210 |
_aМосква _cЭксмо _aСанкт-Петербург _cДомино _d2011 |
||
| 215 |
_a253 с., [4] л. цв. портр. _cил. _d19 |
||
| 225 | 1 |
_aЛюди против магов _fсост.: Александр Жикаренцев |
|
| 686 | _aШ9(7США)62-4 | ||
| 700 | 1 |
_aРиордан _bР. _gРик _4070 |
|
| 801 | 0 |
_aRU _bNLR _c20110321 _gRCR |
|
| 801 | 1 |
_aRU _bNLR _c20110321 |
|
| 942 | _cBOOK | ||
| 980 | _aNB | ||